| 000 | 00000nam##2200000za#4500 |
| 001 | 9.601180 |
| 003 | CaOODSP |
| 005 | 20210624205939 |
| 007 | cr ||||||||||| |
| 008 | 150406|2005||||xxc|||||o f|0| 0 fre|d |
| 022 | |a1919-5117 |
| 040 | |aCaOODSP|bfre |
| 043 | |an-cn--- |
| 086 | 1 |aFs70-6/2005-029F-PDF |
| 110 | 1 |aCanada. |bMinistère des pêches et des océans. |bRégion de Terre-Neuve et du Labrador. |
| 245 | 10|aÉtat de l'océan en 2004 : conditions d'océanographie chimique et biologique dans la région de Terre-Neuve et du Labrador |h[ressource électronique] |
| 246 | 17|aRégion de Terre-Neuve et du Labrador : conditions océanographiques |
| 260 | |aDartmouth - Nouvelle-Écosse : |bPêches et Océans Canada. |cMai 2005. |
| 300 | |a14p.|bcarte en couleur, figures (certaines en couleur), graphiques, ill., références |
| 490 | 1 |aSecrétariat canadien de consultation scientifique, avis scientifique |x1919-5117|v2005/029, Région de Terre-Neuve et du Labrador |
| 590 | |a11-11-Supp|b2011-07-13 |
| 775 | 08|t2004 state of the ocean - chemical and biological oceanographic conditions in the Newfoundland and Labrador region |w(CaOODSP)9.570532 |
| 830 | #0|aAvis scientifique (Secrétariat canadien de consultation scientifique)|x1919-5117|v2005/029, Région de Terre-Neuve et du Labrador|w(CaOODSP)9.502624 |
| 856 | 40|ahttp://publications.gc.ca|qPDF|s264 Ko|uhttps://publications.gc.ca/collections/collection_2011/mpo-dfo/Fs70-6-2005-029-fra.pdf|y2005/029, Région de Terre-Neuve et du Labrador |